| 000 | 00533 a2200169 4500 | ||
|---|---|---|---|
| 020 | _a0582046564 | ||
| 040 |
_aDLC _bDLC |
||
| 082 | 0 | 0 | _a428.007 |
| 100 | 1 | _aHarmer, Jeremy. | |
| 245 | 1 | 4 |
_aThe practice of English language teaching _cJeremy Harmer. |
| 250 | _a3rd ed. | ||
| 260 |
_aLondon ; _aNew York : _bLongman ; _aNew York : _c2001. |
||
| 300 |
_a370 p. : _bill. ; _c25 cm. |
||
| 440 | 0 | _aLongman handbooks for language teachers | |
| 650 | 0 |
_aEnglish language _xStudy and teaching _xForeign speakers. |
|
| 942 |
_cBK _k428.007 HAR _2ddc |
||
| 999 |
_c7426 _d7426 |
||